(G)I-DLE Discography (Alphabetical) - Statistiques

Statistiques générales
  • Ce quiz a été pris 57 fois
  • Le résultat moyen est 15 sur 21
Statistiques - réponses
Letter Song Name % Correct
Q Queencard
100%
L Latata ; Light My Fire ; Luv U ; Lion ; Last Dance (Prod. GroovyRoom) ; Liar ; Love ; Lucid ; Last Forever
97%
S Senorita ; Sculpture ; Super Lady
97%
T Tung-Tung - Empty ; Tomboy ; Tall Trees ; This Time Around (feat. (G)I-DLE)
94%
N Never Stop Me ; Nxde ; Neverland
91%
H Hear Me ; Hann (Alone) ; Hann (Alone in winter) ; Hwaa ; Help Me
88%
A Already ; Allergy ; All Night
82%
D Don't Text Me ; Dumdi Dumdi ; Dahlia ; Dark (X-file) ; Doll
82%
K Klaxon
82%
M Maze ; Maybe ; Moon ; My Bag
82%
O Oh My God
79%
I I'm The Trend ; I Do ; I Want That
70%
R Relay ; Reset ; Revenge ; Rollie
67%
F For You ; Flip It ; Fate ;
64%
U Uh-Oh
64%
W What's in your house? ; What's Your Name ; Where is Love ; Wife
64%
P Put It Straight ; Put It Straight - Nightmare Version ; Polaroid ; Paradise ; Peter Pan
61%
B Blow Your Mind ; Bloom
45%
V Villain Dies ; Vision
45%
C Change
27%
E Escape
24%
Aucun quiz correspondant
Distribution des résultats
% des personnes avec chaque résultat
Percentile par nombre de réponses
Votre historique - résultats
Vous n’avez pas pris ce quiz